[Event "Albena BUL, 19th Open round_5"]
[Site "Albena BUL"]
[Date "2011.06.29"]
[Round "5.20"]
[White "Lilov, Valeri"]
[Black "Idrisov, Tabriz Arif Oglu"]
[Result "1-0"]
[WhiteElo "2412"]
[BlackElo "2204"]
[PlyCount "103"]
[EventDate "2011.06.25"]
[EventType "swiss"]
[EventRounds "9"]
[EventCountry "BUL"]

1. e4 c5 2. Nf3 d6 3. d4 cxd4 4. Nxd4 Nf6 5. Bd3 a6 6. c4 e6 7. Nc3 Be7 8. O-O
O-O 9. Qe2 Nbd7 10. f4 Qc7 11. Be3 Re8 12. Rac1 Bf8 13. Nf3 Ng4 14. Bd4 e5 15.
Nd5 Qd8 16. Bc3 exf4 17. Nd4 Ne3 18. Nxe3 fxe3 19. Qxe3 Ne5 20. Be2 Bd7 21.
Rcd1 Qh4 22. Be1 Qe7 23. Nf5 Qe6 24. Bc3 Ng6 25. Qf2 f6 26. Bf3 Ne5 27. b3 Bc6
28. Bb4 Rad8 29. Rd2 g6 30. Nd4 Qf7 31. Qh4 b6 32. Rfd1 Bb7 33. Qf4 Rd7 34. Nc2
g5 35. Qg3 Red8 36. Ne3 h5 37. h3 Kh7 38. Nf5 b5 39. cxb5 axb5 40. Ba5 Ra8 41.
Bb6 Ra6 42. Be3 b4 43. Bd4 Nxf3+ 44. Qxf3 d5 45. Bf2 Ra5 46. Ne3 Bc5 47. Qf5+
Kg8 48. Nxd5 Bxf2+ 49. Kxf2 Bxd5 50. exd5 Kg7 51. Kg1 h4 52. Kh1 1-0

[Event "Albena BUL, 19th Open round_5"]
[Site "Albena BUL"]
[Date "2011.06.29"]
[Round "5.21"]
[White "Georgescu, Tiberiu-Marian"]
[Black "Dimov, Kiril"]
[Result "1-0"]
[WhiteElo "2397"]
[BlackElo "2187"]
[PlyCount "68"]
[EventDate "2011.06.25"]
[EventType "swiss"]
[EventRounds "9"]
[EventCountry "BUL"]

1. d4 Nf6 2. c4 g6 3. Nc3 Bg7 4. e4 d6 5. Nf3 O-O 6. h3 e5 7. d5 a5 8. Bg5 h6
9. Be3 Na6 10. g4 Nc5 11. Nd2 c6 12. Be2 cxd5 13. cxd5 Bd7 14. a4 Qb6 15. Nb5
Bxb5 16. Bxb5 Qc7 17. Rc1 b6 18. f3 Rac8 19. Rc3 Qd8 20. h4 h5 21. Bg5 Qc7 22.
Qe2 Nh7 23. gxh5 gxh5 24. Rg1 Kh8 25. Nf1 Rg8 26. Ng3 Bf6 27. Nxh5 Bxg5 28.
hxg5 Qe7 29. Qh2 Rxg5 30. Rc1 Rcg8 31. Kf2 Rxg1 32. Rxg1 Rxg1 33. Qxg1 Qf8 34.
Qg4 Qh6 1-0

[Event "Albena BUL, 19th Open round_5"]
[Site "Albena BUL"]
[Date "2011.06.29"]
[Round "5.22"]
[White "Musayev, Eldar Elman Oglu"]
[Black "Bogdanov, Valentin"]
[Result "1-0"]
[WhiteElo "2155"]
[BlackElo "2391"]
[PlyCount "135"]
[EventDate "2011.06.25"]
[EventType "swiss"]
[EventRounds "9"]
[EventCountry "BUL"]

1. Nf3 d5 2. c4 dxc4 3. e3 Nf6 4. Bxc4 e6 5. O-O a6 6. d4 b5 7. Bb3 Bb7 8. Qe2
c5 9. Rd1 Nbd7 10. a4 Qb6 11. Bc2 Rc8 12. axb5 axb5 13. Nc3 b4 14. Na4 Qc7 15.
Nxc5 Nxc5 16. dxc5 Bxc5 17. Qb5+ Ke7 18. Bd2 Bxf3 19. gxf3 Rb8 20. Qa5 Rhc8 21.
Qxc7+ Rxc7 22. Bb3 Nd7 23. Kf1 Bd6 24. Rdc1 Nc5 25. Bd1 g5 26. h3 Rbb7 27. Ke2
Nd7 28. Rxc7 Bxc7 29. Ra4 Bd6 30. b3 Nb6 31. Ra5 Nd5 32. Bc2 Rc7 33. Bd3 Nc3+
34. Ke1 h6 35. Bc4 Rb7 36. Kf1 Kf6 37. h4 gxh4 38. Rh5 Bf8 39. Rxh4 Rd7 40. Be1
Rd1 41. Rh1 Ke7 42. Kg2 Rd8 43. f4 Bg7 44. f3 Ra8 45. Bh4+ Kf8 46. Kh3 Ra2 47.
e4 Bd4 48. Kg4 Kg7 49. e5 Rg2+ 50. Kh5 Be3 51. Bf6+ Kg8 52. Ra1 Rh2+ 53. Kg4
Rg2+ 54. Kh3 Ra2 55. Rxa2 Nxa2 56. Kg4 Nc3 57. f5 Nd5 58. fxe6 Nxf6+ 59. Kf5
fxe6+ 60. Kxf6 h5 61. Bxe6+ Kf8 62. Bh3 h4 63. Kf5 Bd2 64. Ke4 Kg7 65. f4 Bc3
66. f5 Bb2 67. f6+ Kg6 68. Bf5+ 1-0

[Event "Albena BUL, 19th Open round_5"]
[Site "Albena BUL"]
[Date "2011.06.29"]
[Round "5.23"]
[White "Panbukchian, Valentin"]
[Black "Ivanov, Bogidar"]
[Result "0-1"]
[WhiteElo "2385"]
[BlackElo "2179"]
[PlyCount "112"]
[EventDate "2011.06.25"]
[EventType "swiss"]
[EventRounds "9"]
[EventCountry "BUL"]

1. f4 c5 2. Nf3 Nc6 3. g3 g6 4. Bg2 Bg7 5. O-O d5 6. d3 Nf6 7. Qe1 O-O 8. c3 d4
9. Na3 Be6 10. Nc2 Nd5 11. Bd2 a5 12. a3 a4 13. Rb1 Nc7 14. Qf2 Bb3 15. Rbc1
Rb8 16. Rfe1 e5 17. fxe5 Nxe5 18. Nxe5 Bxe5 19. cxd4 cxd4 20. Nb4 Ne6 21. Bh6
Re8 22. Qf3 f5 23. Kh1 Ng5 24. Qf2 Nf7 25. Bf4 Qd6 26. Bxe5 Rxe5 27. Nc2 Rd8
28. Bxb7 Qc7 29. Bf3 Rc5 30. g4 fxg4 31. Bxg4 Rxc2 32. Rxc2 Qxc2 33. Qf6 Qc5
34. Bf3 Qg5 35. Qb6 Bd5 36. Rf1 Qe7 37. Kg1 Bxf3 38. Rxf3 Rd5 39. Kf1 Rc5 40.
Qb8+ Kg7 41. Qf4 Rd5 42. h4 Nh6 43. Qb8 Nf5 44. Ke1 Re5 45. Rf2 Ng3 46. Kd1
Nxe2 47. h5 Ng3 48. Qb4 Qxb4 49. axb4 Nxh5 50. Rc2 g5 51. Rc7+ Kg6 52. Rd7 g4
53. Rxd4 Nf6 54. Kd2 g3 55. Rc4 h5 56. d4 Re8 0-1

[Event "Albena BUL, 19th Open round_5"]
[Site "Albena BUL"]
[Date "2011.06.29"]
[Round "5.24"]
[White "Khazankin, Moisei"]
[Black "Spassov, Liuben"]
[Result "0-1"]
[WhiteElo "2091"]
[BlackElo "2384"]
[PlyCount "104"]
[EventDate "2011.06.25"]
[EventType "swiss"]
[EventRounds "9"]
[EventCountry "BUL"]

1. e4 c5 2. Nc3 e6 3. g3 a6 4. Bg2 b5 5. d3 Bb7 6. f4 h5 7. Nf3 Be7 8. Qe2 d6
9. Be3 Nc6 10. O-O Nf6 11. h3 Qc7 12. a3 Rc8 13. Ng5 b4 14. axb4 Nxb4 15. f5 e5
16. Na4 Qd8 17. c3 Nc6 18. Qd2 a5 19. Bf3 Nd7 20. Bd1 Bxg5 21. Bxg5 Nf6 22. Bb3
Ba6 23. Bd5 Ne7 24. Bxf6 gxf6 25. c4 Rb8 26. Nc3 Bb7 27. Ra2 Bxd5 28. exd5 Kf8
29. Ne4 Kg7 30. Rxa5 Rb6 31. h4 Nc8 32. Ra8 Qe7 33. Rf2 Rg8 34. Kh2 Qb7 35. Ra1
Qe7 36. Rg1 Kh7 37. g4 hxg4 38. Qe2 g3+ 39. Rxg3 Rxg3 40. Kxg3 Qd8 41. Rg2 Kh6
42. Kh2 Qh8 43. Qe3+ Kh7 44. Qf3 Kh6 45. Qg4 Ne7 46. Ng3 Qh7 47. Qh5+ Kg7 48.
Ne4+ Kh8 49. Qxh7+ Kxh7 50. Nxf6+ Kh6 51. Ng4+ Kh5 52. Kh3 Nxf5 0-1

[Event "Albena BUL, 19th Open round_5"]
[Site "Albena BUL"]
[Date "2011.06.29"]
[Round "5.25"]
[White "Menkinoski, Riste"]
[Black "Ljangov, Petar"]
[Result "1-0"]
[WhiteElo "2331"]
[BlackElo "2064"]
[PlyCount "183"]
[EventDate "2011.06.25"]
[EventType "swiss"]
[EventRounds "9"]
[EventCountry "BUL"]

1. Nf3 Nf6 2. c4 e6 3. Nc3 Bb4 4. Qc2 O-O 5. a3 Bxc3 6. Qxc3 d6 7. b4 e5 8. Bb2
Nbd7 9. g3 b6 10. Bg2 Bb7 11. O-O Re8 12. d3 c5 13. e3 Qc7 14. Rfd1 Rac8 15.
Rac1 Qb8 16. b5 Qa8 17. e4 Nf8 18. Nh4 Ne6 19. Qd2 Rcd8 20. a4 Nd4 21. Bxd4
cxd4 22. a5 Bc8 23. Ra1 Qb8 24. axb6 axb6 25. Ra3 Qc7 26. Rda1 Nd7 27. Ra7 Bb7
28. Nf5 Nc5 29. Bf1 f6 30. Qd1 Ra8 31. Qh5 g6 32. Qg4 Rxa7 33. Rxa7 Ra8 34.
Rxa8+ Bxa8 35. Nh4 Qd7 36. Qe2 Qa7 37. f4 Qd7 38. f5 g5 39. Ng2 Bb7 40. h4 Qg7
41. Kf2 Bc8 42. Qa2 h6 43. Be2 Qb7 44. Ne1 Bd7 45. Qa3 Be8 46. Bf3 Bf7 47. Nc2
Kg7 48. Nb4 Kf8 49. Ke2 Kg7 50. Qa2 Kh7 51. Qa3 Kg7 52. Qa1 Kf8 53. hxg5 hxg5
54. Qh1 Kg7 55. Bh5 Bg8 56. Qa1 Kf8 57. Nc6 Bh7 58. Qa3 Bg8 59. Qa7 Kg7 60.
Qxb7+ Nxb7 61. Ne7 Nc5 62. Nc8 Na4 63. Nxd6 Kf8 64. Kd2 Ke7 65. Nc8+ Kd7 66.
Na7 Nc5 67. Bf3 Bf7 68. Nc6 Be8 69. Nb4 Bf7 70. Kc2 Kd6 71. Na2 Kd7 72. Nc1 Kd6
73. Kd2 Ke7 74. Ne2 Nb3+ 75. Kc2 Nc5 76. Ng1 Nb7 77. Nh3 Nc5 78. Nf2 Kf8 79.
Be2 Ke7 80. Kb2 Kd6 81. Nd1 Be8 82. Ka3 Bd7 83. Nb2 Bc8 84. Kb4 Bb7 85. Na4
Nxa4 86. Kxa4 Ba8 87. Kb4 Bb7 88. Bh5 Ba8 89. Bf7 Bb7 90. Be6 Kc7 91. c5 bxc5+
92. Kxc5 1-0

[Event "Albena BUL, 19th Open round_5"]
[Site "Albena BUL"]
[Date "2011.06.29"]
[Round "5.26"]
[White "Steimar, Miroslav"]
[Black "Stoma, Pawel"]
[Result "0-1"]
[WhiteElo "2024"]
[BlackElo "2326"]
[PlyCount "132"]
[EventDate "2011.06.25"]
[EventType "swiss"]
[EventRounds "9"]
[EventCountry "BUL"]

1. d4 c6 2. c4 d5 3. e3 Nf6 4. Nc3 a6 5. a4 e6 6. Nf3 c5 7. Bd3 Nc6 8. cxd5
exd5 9. O-O c4 10. Be2 Bd6 11. e4 dxe4 12. Ng5 Nxd4 13. Bxc4 O-O 14. Ngxe4 Nxe4
15. Nxe4 Bxh2+ 16. Kxh2 Qc7+ 17. Nd6 Qxd6+ 18. Kh1 Be6 19. Bd3 Rad8 20. Qh5 f5
21. Bg5 Rd7 22. Ra3 Qb4 23. Rb1 Nb3 24. Qe2 Nd4 25. Qe5 Re8 26. Be3 Nc6 27. Qg3
Red8 28. Be2 Nd4 29. Qf4 a5 30. Bd3 Kh8 31. Bd2 Qb6 32. Be3 Qc5 33. Rc3 Qb4 34.
Qe5 Rd5 35. Bxd4 Rxe5 36. Bxe5 Rxd3 37. Rxd3 Qe4 38. Rd8+ Bg8 39. Bxg7+ Kxg7
40. Rbd1 Be6 41. R8d4 Qc6 42. Rd6 Qxa4 43. R1d4 Qa1+ 44. Rd1 Qa4 45. R1d4 Qb3
46. Rd3 Qxb2 47. Re3 Bf7 48. Rg3+ Bg6 49. Rd7+ Kf6 50. Rf3 Kg5 51. Rd6 a4 52.
Rdd3 b5 53. Kh2 b4 54. Rh3 a3 55. Rb3 Qxb3 56. Rxb3 a2 57. f4+ Kh6 58. Rxb4
a1=Q 59. Rc4 Bf7 60. Rc6+ Kg7 61. Rc5 Kf6 62. Rc6+ Be6 63. Rc5 Qd4 64. Rc2
Qxf4+ 65. Kg1 Bd5 66. Rf2 Qe3 0-1

[Event "Albena BUL, 19th Open round_5"]
[Site "Albena BUL"]
[Date "2011.06.29"]
[Round "5.28"]
[White "Sarenac, Ivan"]
[Black "Todorov, Yavor"]
[Result "1-0"]
[WhiteElo "2315"]
[BlackElo "1987"]
[PlyCount "85"]
[EventDate "2011.06.25"]
[EventType "swiss"]
[EventRounds "9"]
[EventCountry "BUL"]

1. e4 c5 2. Nf3 e6 3. d4 cxd4 4. Nxd4 a6 5. Bd3 Nf6 6. O-O Qc7 7. Qe2 d6 8. c4
Nbd7 9. f4 Be7 10. Nc3 b6 11. Bd2 Bb7 12. Rae1 O-O 13. Kh1 g6 14. Nf3 Ne8 15.
e5 dxe5 16. fxe5 Ng7 17. Bh6 Nc5 18. Bc2 Rad8 19. Ng5 f6 20. Bxg7 Kxg7 21. Nxh7
f5 22. Nxf8 Rxf8 23. Qe3 Rh8 24. Ne2 Qc6 25. Rg1 g5 26. Nd4 Qc8 27. Rgf1 Ne4
28. Bxe4 Bxe4 29. Qb3 Bc5 30. Rxe4 fxe4 31. Qe3 Rh6 32. Qxe4 Bxd4 33. Qxd4 Rh4
34. Qd6 Rf4 35. Qe7+ Kg6 36. Rxf4 gxf4 37. Qf6+ Kh7 38. Qf7+ Kh8 39. Qxf4 Qd7
40. h4 Qd1+ 41. Kh2 Qe2 42. Qh6+ Kg8 43. Qxe6+ 1-0

[Event "Albena BUL, 19th Open round_5"]
[Site "Albena BUL"]
[Date "2011.06.29"]
[Round "5.33"]
[White "Berbatov, Kiprian"]
[Black "Dichev, Nedelcho"]
[Result "1-0"]
[WhiteElo "2490"]
[BlackElo "2142"]
[PlyCount "112"]
[EventDate "2011.06.25"]
[EventType "swiss"]
[EventRounds "9"]
[EventCountry "BUL"]

1. e4 c6 2. d4 d5 3. Nc3 dxe4 4. Nxe4 g6 5. Bc4 Bg7 6. Nf3 Nf6 7. Nxf6+ Bxf6 8.
Bh6 Qa5+ 9. c3 Qh5 10. Bf4 Nd7 11. O-O g5 12. Nxg5 Qxd1 13. Raxd1 e6 14. Ne4
Be7 15. Nd6+ Bxd6 16. Bxd6 Nb6 17. Bd3 f6 18. Rfe1 Kf7 19. c4 Bd7 20. b3 Rae8
21. a4 Nc8 22. Bb8 a6 23. a5 Ne7 24. Bd6 Nf5 25. Bc5 h5 26. Rd2 Rhg8 27. Kf1
Bc8 28. Rde2 Ng7 29. f4 h4 30. b4 Nh5 31. Rf2 f5 32. Rf3 Rd8 33. Bb6 Rd7 34.
Be2 Rh8 35. Kg1 Rh7 36. Rd1 Kg8 37. Ba7 Nf6 38. Bb8 Rh6 39. Be5 Ng4 40. Rfd3
Nxe5 41. dxe5 Rhh7 42. Bf3 Rxd3 43. Rxd3 Bd7 44. Rd6 Re7 45. Kf2 Kf8 46. Ke3
Ke8 47. Kd4 Kd8 48. b5 Kc7 49. bxa6 bxa6 50. Kc5 Rg7 51. Bxc6 Bc8 52. Bf3 Re7
53. Rc6+ Kd8 54. Kd6 Rd7+ 55. Kxe6 Rd4+ 56. Kf6 Rxf4 1-0

[Event "Albena BUL, 19th Open round_5"]
[Site "Albena BUL"]
[Date "2011.06.29"]
[Round "5.34"]
[White "Donchev, Dimitar I"]
[Black "Bochev, Krasimir"]
[Result "1-0"]
[WhiteElo "2452"]
[BlackElo "2123"]
[PlyCount "67"]
[EventDate "2011.06.25"]
[EventType "swiss"]
[EventRounds "9"]
[EventCountry "BUL"]

1. e4 e6 2. f4 d5 3. e5 c5 4. Nf3 Nc6 5. c3 Nge7 6. Na3 Nf5 7. Nc2 Be7 8. g3 b6
9. Bg2 Ba6 10. d3 Rc8 11. O-O d4 12. c4 Bb7 13. g4 Ne3 14. Nxe3 dxe3 15. Bxe3
Qd7 16. Qe2 O-O 17. Rad1 Rfd8 18. b3 Qc7 19. Bd2 Bf8 20. Bc3 Rd7 21. f5 Re8 22.
fxe6 fxe6 23. Rf2 Nd4 24. Nxd4 cxd4 25. Bd2 Bxg2 26. Kxg2 Qd8 27. Rdf1 Qh4 28.
Qe4 Bc5 29. Rf3 Qd8 30. b4 Bf8 31. h4 Be7 32. Rf7 Bxh4 33. Rxd7 Qxd7 34. g5 1-0

[Event "Albena BUL, 19th Open round_5"]
[Site "Albena BUL"]
[Date "2011.06.29"]
[Round "5.35"]
[White "Pancevski, Filip"]
[Black "Iskos, Alexandros"]
[Result "1-0"]
[WhiteElo "2399"]
[BlackElo "2105"]
[PlyCount "83"]
[EventDate "2011.06.25"]
[EventType "swiss"]
[EventRounds "9"]
[EventCountry "BUL"]

1. e4 c6 2. Nc3 d5 3. Qe2 dxe4 4. Nxe4 Bf5 5. d3 e6 6. g4 Bg6 7. Bd2 h5 8. g5
Na6 9. a3 Ne7 10. h4 Nf5 11. Nf3 Nd4 12. Nxd4 Qxd4 13. Bc3 Qb6 14. Nd2 Nc5 15.
Nc4 Qc7 16. Be5 Qd8 17. Qe3 Nd7 18. Bd4 Qc7 19. Bg2 Rg8 20. a4 Bf5 21. O-O a5
22. Bc3 g6 23. Qd2 b6 24. b4 axb4 25. Bxb4 Rc8 26. a5 b5 27. Bxf8 Kxf8 28. Qb4+
Kg7 29. Nd6 Rcd8 30. Qc3+ Kh7 31. Nxf7 Rdf8 32. Nh6 Rg7 33. Qxc6 Qf4 34. Nxf5
Rxf5 35. Qe4 Qd6 36. a6 Rf4 37. Qe3 Rxh4 38. Qg3 Rf4 39. a7 Nb6 40. Ra6 h4 41.
Rxb6 hxg3 42. Rxd6 1-0

[Event "Albena BUL, 19th Open round_5"]
[Site "Albena BUL"]
[Date "2011.06.29"]
[Round "5.36"]
[White "Kiroski, Toni"]
[Black "Ninov, Dayan"]
[Result "1-0"]
[WhiteElo "2340"]
[BlackElo "2090"]
[PlyCount "81"]
[EventDate "2011.06.25"]
[EventType "swiss"]
[EventRounds "9"]
[EventCountry "BUL"]

1. c4 e5 2. g3 Nf6 3. Bg2 d5 4. cxd5 Nxd5 5. Nc3 Nb6 6. Nf3 Nc6 7. O-O Be7 8.
a3 O-O 9. b4 Be6 10. d3 a5 11. b5 Nd4 12. Bb2 Bb3 13. Qc1 f5 14. Nxe5 Nd5 15.
Nf3 Bg5 16. e3 Nxc3 17. Nxd4 Qxd4 18. Qxc3 Qxc3 19. Bxc3 Rad8 20. Bxa5 b6 21.
Bb4 Rf7 22. d4 Bc4 23. Rfc1 Bxb5 24. a4 Bd3 25. a5 bxa5 26. Bxa5 Rc8 27. Bd5 c6
28. Be6 Re8 29. Rxc6 Be4 30. Bxf7+ Kxf7 31. Rc7+ Kg6 32. Bc3 Bf6 33. Bb4 h5 34.
Bd6 Re6 35. Bf4 h4 36. gxh4 Rb6 37. Bg5 Kh5 38. Bxf6 gxf6 39. h3 Rb8 40. Kh2
Rb2 41. Kg3 1-0

[Event "Albena BUL, 19th Open round_5"]
[Site "Albena BUL"]
[Date "2011.06.29"]
[Round "5.37"]
[White "Luncasu, Raul-Ionut"]
[Black "Bonev, Todor"]
[Result "0-1"]
[WhiteElo "2172"]
[BlackElo "2317"]
[PlyCount "125"]
[EventDate "2011.06.25"]
[EventType "swiss"]
[EventRounds "9"]
[EventCountry "BUL"]

1. e4 c5 2. Nf3 d6 3. d4 cxd4 4. Nxd4 Nf6 5. Nc3 a6 6. Bg5 e6 7. f4 Qc7 8. Bxf6
gxf6 9. Be2 Nc6 10. Qd2 Bd7 11. Nb3 h5 12. O-O-O h4 13. Kb1 O-O-O 14. g3 Kb8
15. Qe3 Ne7 16. Qf2 f5 17. Qd4 Rh7 18. Rhg1 hxg3 19. hxg3 Bc6 20. exf5 Nxf5 21.
Qf2 Bg7 22. Bd3 Rdh8 23. Bxf5 Rh2 24. Qe3 exf5 25. Nd4 Be4 26. Nxe4 Bxd4 27.
Qxd4 Qxc2+ 28. Ka1 fxe4 29. Qxd6+ Ka8 30. Qb6 Rc8 31. a3 e3 32. Rd7 Qc6 33.
Qxc6 Rxc6 34. Re1 Re6 35. Rd3 e2 36. Kb1 Rg2 37. Kc2 Rg6 38. Kd2 R6xg3 39. Rxg3
Rxg3 40. Rxe2 Rf3 41. Re4 Kb8 42. Rc4 Ka7 43. Rb4 b5 44. Ke2 Rh3 45. Kf2 Kb6
46. Kg2 Rd3 47. a4 Ka5 48. Re4 b4 49. Re7 Kxa4 50. Rxf7 Rd2+ 51. Kg3 Rxb2 52.
f5 Rc2 53. Rb7 b3 54. f6 Rc8 55. f7 Rf8 56. Rb6 Rxf7 57. Rxa6+ Kb4 58. Rb6+ Kc3
59. Rc6+ Kd2 60. Rb6 Kc2 61. Rc6+ Kb1 62. Rb6 b2 63. Rb3 0-1

[Event "Albena BUL, 19th Open round_5"]
[Site "Albena BUL"]
[Date "2011.06.29"]
[Round "5.38"]
[White "Voiska, Margarita"]
[Black "Golstein, Mihail"]
[Result "1-0"]
[WhiteElo "2300"]
[BlackElo "2075"]
[PlyCount "95"]
[EventDate "2011.06.25"]
[EventType "swiss"]
[EventRounds "9"]
[EventCountry "BUL"]

1. c4 e6 2. Nf3 d5 3. g3 Nf6 4. Bg2 Be7 5. O-O O-O 6. b3 Nbd7 7. Bb2 Re8 8. d4
c6 9. Nc3 b6 10. Qd3 Bb7 11. e4 dxe4 12. Nxe4 Qc7 13. Nc3 Rad8 14. Rad1 a6 15.
Rfe1 Bb4 16. a3 Bf8 17. Qc2 Qc8 18. Ng5 h6 19. Nge4 Be7 20. Nxf6+ Nxf6 21. Na4
Qc7 22. Bc1 Ba8 23. Bf4 Qa7 24. c5 b5 25. Nc3 Qd7 26. b4 Bb7 27. Be5 Ra8 28.
Bh3 a5 29. Qb3 Kf8 30. Qb1 Kg8 31. Bf4 axb4 32. axb4 Ra3 33. Re3 Rea8 34. Qb2
Nd5 35. Nxd5 Ra2 36. Nxe7+ Qxe7 37. Qb3 Bc8 38. Bg2 Bd7 39. d5 cxd5 40. Bxd5
R8a3 41. Qxa2 Rxa2 42. Bxa2 Bc6 43. Bd5 Bxd5 44. Rxd5 Qf6 45. Be5 Qf5 46. Rd8+
Kh7 47. c6 f6 48. c7 1-0

[Event "Albena BUL, 19th Open round_5"]
[Site "Albena BUL"]
[Date "2011.06.29"]
[Round "5.39"]
[White "Bueder, Thomas"]
[Black "Rzayev, Bahruz Iqbal Oglu"]
[Result "0-1"]
[WhiteElo "2128"]
[BlackElo "2292"]
[PlyCount "113"]
[EventDate "2011.06.25"]
[EventType "swiss"]
[EventRounds "9"]
[EventCountry "BUL"]

1. e4 e5 2. Nf3 Nc6 3. Bc4 Nf6 4. d3 Be7 5. O-O O-O 6. Nc3 d6 7. h3 Na5 8. Nd2
c6 9. a4 d5 10. Ba2 Be6 11. Nf3 d4 12. Bxe6 fxe6 13. Ne2 Nd7 14. Nh2 c5 15. b3
Bd6 16. f4 Qc7 17. g3 Nc6 18. Kg2 a6 19. Bd2 b5 20. Ng4 c4 21. bxc4 bxc4 22.
fxe5 Ndxe5 23. Nxe5 Rxf1 24. Qxf1 Bxe5 25. Qb1 c3 26. Bf4 Qd7 27. Qa2 Rb8 28.
Rb1 Rxb1 29. Qxb1 Bf6 30. Qb3 a5 31. Bc1 Be7 32. Bf4 g5 33. Be5 Bb4 34. Bf6 Be7
35. Bxe7 Nxe7 36. Qc4 Nc6 37. h4 h6 38. hxg5 hxg5 39. g4 Kg7 40. Qb5 e5 41. Ng3
Kf7 42. Nf5 Ke8 43. Kf1 Kd8 44. Ke2 Kc7 45. Qc5 Qh7 46. Qd6+ Kb6 47. Nh6 Qe7
48. Qxe7 Nxe7 49. Nf7 Ng6 50. Nxg5 Kc5 51. Kd1 Kb4 52. Kc1 Kxa4 53. Kb1 Kb5 54.
Ka2 Kc5 55. Nf3 Kd6 56. Kb3 Ke6 57. Ka2 0-1

[Event "Albena BUL, 19th Open round_5"]
[Site "Albena BUL"]
[Date "2011.06.29"]
[Round "5.40"]
[White "Shishkov, Minko"]
[Black "Horak, Vladimir"]
[Result "1-0"]
[WhiteElo "2286"]
[BlackElo "2050"]
[PlyCount "61"]
[EventDate "2011.06.25"]
[EventType "swiss"]
[EventRounds "9"]
[EventCountry "BUL"]

1. d4 d5 2. c4 c6 3. e3 Nf6 4. Bd3 Bg4 5. Qc2 dxc4 6. Bxc4 e6 7. Nc3 Nbd7 8.
Nge2 Bxe2 9. Qxe2 Be7 10. O-O O-O 11. Rd1 Qc7 12. e4 Rfd8 13. e5 Ne8 14. Be3 a6
15. Bf4 c5 16. d5 Qb6 17. Na4 Qb4 18. dxe6 Nc7 19. exf7+ Kh8 20. b3 Nf8 21. a3
Qa5 22. Bd2 Rxd2 23. Qxd2 Qxd2 24. Rxd2 b5 25. Nb6 bxc4 26. Nxa8 Nxa8 27. bxc4
Nb6 28. Rc2 g6 29. Rb1 Bd8 30. Rcb2 Nbd7 31. Rd1 1-0

[Event "Albena BUL, 19th Open round_5"]
[Site "Albena BUL"]
[Date "2011.06.29"]
[Round "5.41"]
[White "Konstantelias, Konstantinos"]
[Black "Jaracz, Barbara"]
[Result "0-1"]
[WhiteElo "2078"]
[BlackElo "2275"]
[PlyCount "140"]
[EventDate "2011.06.25"]
[EventType "swiss"]
[EventRounds "9"]
[EventCountry "BUL"]

1. e4 e5 2. Nf3 Nc6 3. Bb5 a6 4. Ba4 Nf6 5. Bxc6 dxc6 6. d3 Nd7 7. Nbd2 Be7 8.
Nc4 f6 9. O-O O-O 10. Ne3 g6 11. h4 Nc5 12. g3 Bh3 13. Re1 Qd7 14. Kh2 Rad8 15.
Ng1 Be6 16. a4 a5 17. Ng2 Bg4 18. f3 Be6 19. Qe2 Bf7 20. Bh6 Rfe8 21. Qd2 b6
22. Ne2 Ne6 23. Red1 c5 24. Ne3 Nd4 25. Kg2 Be6 26. b3 Bf8 27. Bxf8 Rxf8 28.
Nxd4 cxd4 29. Nc4 Bxc4 30. bxc4 f5 31. Qg5 Qg7 32. h5 Rd6 33. h6 Qf6 34. Qxf6
Rdxf6 35. Rd2 fxe4 36. fxe4 g5 37. Rh1 Kf7 38. c5 Kg6 39. Rb1 Rc6 40. Rb5 Rxc5
41. Rxc5 bxc5 42. c3 Rd8 43. cxd4 Rxd4 44. Rc2 c4 45. dxc4 Rxe4 46. Kf3 Rd4 47.
Rb2 Rxc4 48. Rb5 e4+ 49. Kg4 e3+ 50. Kf3 Rxa4 51. Rc5 Kxh6 52. Rxc7 Ra3 53. Kg4
Ra4+ 54. Kf3 Kg6 55. Rc6+ Kh5 56. Rc7 h6 57. Rc6 e2 58. Kxe2 Ra3 59. Kf2 a4 60.
Rc4 g4 61. Rc5+ Kg6 62. Rc6+ Kg7 63. Rc7+ Kf6 64. Rc6+ Kg7 65. Rc7+ Kf8 66. Rc4
h5 67. Rc5 Rf3+ 68. Kg2 Rb3 69. Rxh5 Rb2+ 70. Kf1 a3 0-1

[Event "Albena BUL, 19th Open round_5"]
[Site "Albena BUL"]
[Date "2011.06.29"]
[Round "5.42"]
[White "Olarasu, Gabriela"]
[Black "Stancu, Ovidiu-Grigore"]
[Result "1-0"]
[WhiteElo "2266"]
[BlackElo "2073"]
[PlyCount "29"]
[EventDate "2011.06.25"]
[EventType "swiss"]
[EventRounds "9"]
[EventCountry "BUL"]

1. d4 Nf6 2. c4 e6 3. Nc3 b6 4. e4 Bb7 5. Bd3 c5 6. d5 e5 7. f4 d6 8. Nf3 Nfd7
9. O-O f6 10. Nh4 Qe7 11. Nf5 Qd8 12. Nb5 Bc8 13. Qg4 Na6 14. Nxg7+ Kf7 15. Nf5
1-0

[Event "Albena BUL, 19th Open round_5"]
[Site "Albena BUL"]
[Date "2011.06.29"]
[Round "5.43"]
[White "Petkov, Hristo"]
[Black "Tashkov, Rumen"]
[Result "1/2-1/2"]
[WhiteElo "2076"]
[BlackElo "2248"]
[PlyCount "65"]
[EventDate "2011.06.25"]
[EventType "swiss"]
[EventRounds "9"]
[EventCountry "BUL"]

1. e4 d6 2. d4 Nf6 3. Nc3 g6 4. f3 c6 5. Be3 Qb6 6. Qc1 Nbd7 7. Bd3 Qa5 8. Nge2
b5 9. a3 Bg7 10. O-O O-O 11. Bh6 e5 12. Bxg7 Kxg7 13. Kh1 a6 14. dxe5 dxe5 15.
Qe3 c5 16. b4 Qc7 17. bxc5 Qxc5 18. Qxc5 Nxc5 19. Kg1 Rd8 20. Rfd1 Be6 21. Kf2
Rac8 22. Ke3 Nfd7 23. g4 Nb6 24. h4 Rc7 25. g5 Nca4 26. Nxa4 Nxa4 27. Rdb1 Kf8
28. h5 Ke7 29. hxg6 hxg6 30. Rg1 Nc5 31. f4 exf4+ 32. Nxf4 Nd7 33. a4 1/2-1/2

[Event "Albena BUL, 19th Open round_5"]
[Site "Albena BUL"]
[Date "2011.06.29"]
[Round "5.44"]
[White "Spiridonov, Nikola"]
[Black "Sotirov, Nikolaj"]
[Result "1/2-1/2"]
[WhiteElo "2244"]
[BlackElo "2034"]
[PlyCount "52"]
[EventDate "2011.06.25"]
[EventType "swiss"]
[EventRounds "9"]
[EventCountry "BUL"]

1. c4 c5 2. Nc3 g6 3. g3 Bg7 4. Bg2 Nc6 5. a3 Nf6 6. Rb1 a5 7. Nf3 O-O 8. O-O
d5 9. cxd5 Nxd5 10. Nxd5 Qxd5 11. d3 Qd6 12. Be3 b6 13. Qa4 Bd7 14. Qh4 f6 15.
d4 cxd4 16. Nxd4 Nxd4 17. Qxd4 Qxd4 18. Bxd4 Rab8 19. Rfd1 Bb5 20. Kf1 Rfd8 21.
Ke1 f5 22. Bxg7 Kxg7 23. Rxd8 Rxd8 24. b4 Ba4 25. bxa5 bxa5 26. f4 Rc8 1/2-1/2

[Event "Albena BUL, 19th Open round_5"]
[Site "Albena BUL"]
[Date "2011.06.29"]
[Round "5.45"]
[White "Iovcov, Valerii"]
[Black "Popov, Petar"]
[Result "1/2-1/2"]
[WhiteElo "2074"]
[BlackElo "2244"]
[PlyCount "104"]
[EventDate "2011.06.25"]
[EventType "swiss"]
[EventRounds "9"]
[EventCountry "BUL"]

1. e4 c5 2. Nf3 Nc6 3. Bb5 Nf6 4. Bxc6 dxc6 5. d3 g6 6. h3 Bg7 7. Nc3 O-O 8.
Be3 b6 9. Qd2 Ne8 10. Bh6 Nc7 11. O-O-O Ne6 12. Ne2 Nd4 13. Nexd4 cxd4 14. g4
Be6 15. Kb1 Qd7 16. Ne5 Qd6 17. Bxg7 Kxg7 18. f4 f6 19. Nf3 Bf7 20. f5 gxf5 21.
gxf5 Kh8 22. Rdg1 Rg8 23. Qh6 Rxg1+ 24. Rxg1 Rg8 25. Rxg8+ Kxg8 26. Qh4 c5 27.
b3 b5 28. e5 Qc6 29. Qg3+ Kf8 30. e6 Be8 31. Qf4 Kg7 32. Qg4+ Kf8 33. Qf4 Kg7
34. Qg4+ Kf8 35. h4 h5 36. Qg3 Qd5 37. Qf4 Kg7 38. Nd2 Qd6 39. Qf3 Qb6 40. Qe2
Qd6 41. Ne4 Qe5 42. Qf3 Kf8 43. a3 a5 44. Ka2 Qd5 45. Qf4 c4 46. Qh6+ Kg8 47.
Qxf6 cxb3+ 48. cxb3 a4 49. Qg5+ Kf8 50. Nd2 Qc5 51. Qh6+ Kg8 52. Qg5+ Kf8
1/2-1/2

[Event "Albena BUL, 19th Open round_5"]
[Site "Albena BUL"]
[Date "2011.06.29"]
[Round "5.47"]
[White "Dobrev, Nayden"]
[Black "Stavila, Irina"]
[Result "1-0"]
[WhiteElo "2235"]
[BlackElo "1918"]
[PlyCount "35"]
[EventDate "2011.06.25"]
[EventType "swiss"]
[EventRounds "9"]
[EventCountry "BUL"]

1. d4 d5 2. c4 e6 3. Nc3 Nf6 4. Bg5 Be7 5. e3 h6 6. Bh4 O-O 7. Nf3 b6 8. Bxf6
Bxf6 9. cxd5 exd5 10. Bd3 Be6 11. O-O c5 12. Rc1 c4 13. Bb1 a6 14. e4 dxe4 15.
Nxe4 Bd5 16. Ne5 Bxe5 17. dxe5 b5 18. Nf6+ 1-0